Les échanges agroalimentaires de la France: évolution d'ensemble et impact du contexte européen.

Výber zo štúdie o mieste poľnohospodárstva v obchodnej bilancii Francúzska. Vývoz a dovoz poľnohospodárskych potravín. Ich prebytok. Vývoj podľa výrobkov. Priama spotreba podľa odvetví poľnohospodárstva. Efekty výmeny. Pomoc ES poľnohospodárstvu. Francúzsky vývoz a spoločná poľnohospodárska politika...

Descrizione completa

Salvato in:
Dettagli Bibliografici
Natura: Capitolo di libro
Lingua:francese
Soggetti:
Tags: Aggiungi Tag
Nessun Tag, puoi essere il primo ad aggiungerne!!

MARC

LEADER 00000naa a2200000 4500
001 r011597
005 20220913125041.6
041 0 |a fre 
044 |a FR 
245 1 0 |a Les échanges agroalimentaires de la France: évolution d'ensemble et impact du contexte européen. 
520 |a Výber zo štúdie o mieste poľnohospodárstva v obchodnej bilancii Francúzska. Vývoz a dovoz poľnohospodárskych potravín. Ich prebytok. Vývoj podľa výrobkov. Priama spotreba podľa odvetví poľnohospodárstva. Efekty výmeny. Pomoc ES poľnohospodárstvu. Francúzsky vývoz a spoločná poľnohospodárska politika. Problém prebytkov a odbyt. Francúzsky vývoz a vývoz ES. (Conseil economique et social 23. jún 1992.). 
610 2 0 |a poľnohospodárstvo 
610 2 0 |a bilancia obchodná 
610 2 0 |a Francúzsko 
610 2 0 |a výrobky poľnohospodárske 
610 2 0 |a vývoz 
610 2 0 |a dovoz 
610 2 0 |a potraviny 
610 2 0 |a spotreba 
610 2 0 |a Európske spoločenstvá 
610 2 0 |a politika poľnohospodárska 
610 2 0 |a prebytky poľnohospodárske 
610 2 0 |a odbyt 
610 2 0 |a údaje štatistické